Finish | Team |
5, 1, 2, 1, 1, 1, 1, 1, 2, 1 | New England Patriots | | 85.8% | 2, 1, 1, 1, 1, 4, 1, 4, 2, 2 | Philadelphia Eagles | | 83.7% | 1, 3, 2, 4, 2, 1, 3, 2, 1, 3 | New York Giants | | 83.6% | 1, 4, 2, 2, 2, 2, 3, 2, 1, 1 | Minnesota Vikings | | 83.6% | 3, 3, 1, 4, 2, 4, 2, 3, 3, 2 | New York Jets | | 83.2% | 2, 4, 2, 1, 1, 1, 1, 1, 2, 1 | Indianapolis Colts | | 83.2% | 3, 2, 3, 4, 4, 2, 4, 3, 4, 4 | Washington Redskins | | 83.1% | 3, 2, 1, 1, 1, 4, 2, 1, 3, 2 | Green Bay Packers | | 82.8% | 4, 5, 4, 4, 3, 3, 4, 3, 4, 4 | Detroit Lions | | 82.7% | 4, 5, 4, 2, 3, 3, 2, 1, 3, 1 | Dallas Cowboys | | 82.7% | 4, 5, 4, 3, 3, 3, 3, 2, 4, 4 | Buffalo Bills | | 82.7% | 5, 1, 3, 3, 4, 1, 1, 4, 2, 3 | Chicago Bears | | 82.3% | 1, 2, 3, 2, 4, 2, 4, 4, 1, 3 | Miami Dolphins | | 82.3% | 5, 5, 3, 4, 1, 3, 1, 1, 1, 1 | San Diego Chargers | | 82.1% | x, x, 4, 4, 3, 4, 4, 4, 3, 2 | Houston Texans | | 82% | 1, 1, 1, 3, 4, 4, 4, 3, 3, 3 | Oakland Raiders | | 81.1% |
|
Finish | Team |
6, 3, 2, 4, 4, 4, 4, 2, 4, 4 | Cleveland Browns | | 81% | 3, 1, 1, 3, 1, 2, 3, 1, 1, 3 | Pittsburgh Steelers | | 80.8% | 2, 3, 2, 2, 2, 1, 3, 2, 2, 2 | Denver Broncos | | 80.7% | 1, 3, 3, 2, 2, 4, 1, 3, 4, 1 | New Orleans Saints | | 80.6% | 4, 2, 3, 2, 1, 1, 1, 1, 3, 3 | Seattle Seahawks | | 80.4% | 3, 4, 4, 1, 3, 2, 2, 4, 4, 4 | Kansas City Chiefs | | 80.2% | 5, 6, 4, 2, 3, 1, 2, 3, 3, 1 | Cincinnati Bengals | | 80% | 5, 4, 2, 4, 1, 3, 3, 4, 2, 2 | Atlanta Falcons | | 79.6% | 2, 2, 3, 1, 2, 3, 1, 4, 2, 2 | Baltimore Ravens | | 79.2% | 4, 5, 3, 3, 2, 2, 3, 2, 4, 4 | Jacksonville Jaguars | | 79.2% | 2, 1, 2, 1, 2, 2, 2, 4, 4, 4 | St. Louis Rams | | 79.1% | 4, 2, 1, 3, 4, 4, 3, 3, 2, 2 | San Francisco 49ers | | 79.1% | 5, 4, 4, 4, 3, 3, 4, 2, 1, 1 | Arizona Cardinals | | 79% | 3, 5, 4, 1, 3, 2, 2, 2, 1, 3 | Carolina Panthers | | 78.6% | 1, 4, 1, 2, 4, 3, 2, 3, 1, 3 | Tennessee Titans | | 78% | 2, 3, 1, 3, 4, 1, 4, 1, 3, 4 | Tampa Bay Buccaneers | | 77.9% |
|
Comments